Top 5 Countries per Product - Statistics

General Stats
  • This quiz has been taken 40 times
  • The average score is 27 of 30
Answer Stats
Coffee % Correct
1. Brazil 3,405,267
100%
5. China 4,715,000
100%
1. China 1,005,100,000
100%
2. China 255,245,235
100%
5. China 1,814,400
100%
1. China 88,567,716
100%
1. Italy 5,088,500
97%
1. USA 13,401,000
97%
4. USA 79,400,000
97%
4. USA 2,057,021
97%
2. France 3,713,200
94%
3. Japan 84,000,000
94%
3. Russia 10,750,000
94%
5. Russia 70,700,000
94%
4. Colombia 680,858
91%
2. India 149,600,000
91%
1. India 265,098,885
91%
3. India 15,774,325
91%
2. Saudi Arabia 10,815,700
91%
3. Spain 3,700,588
91%
3. Indonesia 760,192
86%
4. Indonesia 54,748,977
86%
2. Indonesia 22,032,425
86%
4. Canada 5,500,000
83%
2. Vietnam 1,956,782
83%
5. Vietnam 42,672,339
83%
4. Vietnam 8,760,378
83%
5. Peru 5,509,031
74%
3. Bangladesh 57,189,193
69%
5. Ethiopia 559,400
69%
No matching quizzes found
Score Distribution
Percent of People with Each Score
Percentile by Number Answered
Your Score History
You have not taken this quiz